| 000 | 00774 a2200277 4500 | ||
|---|---|---|---|
| 260 | _aParis | ||
| 100 | _aRIAUX, E. | ||
| 700 | _a FORTIN, F. | ||
| 700 | _a OLLIVER, R. | ||
| 260 | _bArmand Colin | ||
| 245 | _aRéseaux en régime permanent sinusoïdal | ||
| 300 | _a186 p. | ||
| 650 | _aCircuits électriques | ||
| 260 | _c1971 | ||
| 300 | _bill. ; 27 cm | ||
| 130 | _lFr. | ||
| 440 | _a(Du cours aux applications technologiques) | ||
| 035 | _a7496 | ||
| 500 | _aI.U.T. - Techniciens supérieurs - Ecoles d'ingénieurs - Promotion supérieure du travail | ||
| 999 |
_c12731 _d12731 |
||